Rubber-based Agroforestry systems: Prospectus for enhancing livelihoods of rubber farmers in Nigeria (Record no. 68197)

MARC details
000 -LEADER
fixed length control field 00537nam a2200169Ia 4500
100 ## - MAIN ENTRY--AUTHOR NAME
Personal name Eguavoen I
245 #0 - TITLE STATEMENT
Title Rubber-based Agroforestry systems: Prospectus for enhancing livelihoods of rubber farmers in Nigeria
260 ## - PUBLICATION, DISTRIBUTION, ETC. (IMPRINT)
Name of publisher IRRDB International Rubber Conference 14-17 December 2011, Chiang
650 ## - SUBJECT ADDED ENTRY--TOPICAL TERM
Topical Term Agroforestry system
650 ## - SUBJECT ADDED ENTRY--TOPICAL TERM
Topical Term Nigeria
650 ## - SUBJECT ADDED ENTRY--TOPICAL TERM
Topical Term Rubber based farming system
650 ## - SUBJECT ADDED ENTRY--TOPICAL TERM
Topical Term Rubber farmers
700 ## - ADDED ENTRY--PERSONAL NAME
Personal name Anegbeh A
700 ## - ADDED ENTRY--PERSONAL NAME
Personal name Awah A
942 ## - ADDED ENTRY ELEMENTS (KOHA)
Koha item type Journals
Holdings
Withdrawn status Lost status Damaged status Not for loan Home library Current library Shelving location Date acquired Koha item type
      Journals RRII Library RRII Library Agronomy 26/09/2013 Journals